000 00874nam a2200241 i 4500
001 bg
100 1 _aŚlot, Krzysztof.
245 0 _aWybrane zagadnienia biometrii /
_cKrzysztof Ślot.
260 _aWarszawa :
_bWydawnictwa Komunikacji i Łączności,
_c2008.
300 _a139 s. :
_bil. ;
_c24 cm.
504 _aBibliogr. s. 137-139.
521 8 _aDla pracowników naukowych i studentów wydziałów elektroniki i informatyki oraz wszystkich zainteresowanychbiometrycznymi metodami automatycznego ustalania i potwierdzania tożsamości osób.
650 9 _aBiometria
020 _a9788320616736
040 _cBPK
041 0 _apol
044 _aPOL
080 _a57.087
920 _a978-83-206-1673-6
942 _cKS
008 s pl f |000 0 pol
999 _c55124
_d55124
856 _uhttp://koha.tu.koszalin.pl/cgi-bin/koha/opac-detail.pl?biblionumber=55124
_yKatalog online BPK